000 01110nam a2200337 i 4500
005 20220317002039.0
007 ta
008 201113s2019 ck a br 000 j spa d
020 _a9789583057953
040 _aCO-BoRNBP
_bspa
_erda
_cCO-BoRNBP
041 0 _aspa
084 _aC FEL2
100 1 _aFelipe, Nersys
_d1936-
_eautor
245 1 0 _aRomán Elé
_cFelipe Nersys ; ilustraciones Nury Espinosa
250 _aPrimera edición
264 _aBogotá
_bPanamericana
_c2019
300 _a106 páginas
_bilustraciones a color
_c22 cm
336 _atexto
_btxt
_2rdacontent
337 _asin mediación
_bn
_2rdamedia
338 _avolumen
_bnc
_2rdacarrier
490 0 _aCorcel
521 _aRecomendado para un público infantil mayor de 9 años
650 1 7 _aCuentos infantiles cubanos
_ySiglo XX
_2LEMB
650 1 7 _aLiteratura infantil cubana
_ySiglo XX
_2LEMB
650 1 7 _aAutores cubanos
_ySiglo XX
_2LEMB
650 1 7 _aHéroes
_vCuentos
_2LEMB
650 1 7 _2LEMB
_aAmor
_vCuentos
650 1 7 _aNiños y adultos
_vCuentos
_2LEMB
700 1 _aEspinosa, Nury
_eilustradora
_9169880
942 _2loc
_cBKLIT
999 _c9005
_d9005